[Event "SVK-chT9596"]
[Site "?"]
[Date "1996.??.??"]
[Round "8"]
[White "Jakubek, Peter"]
[Black "Dobrovolsky, Ladislav"]
[Result "1-0"]
[WhiteElo "2225"]
[BlackElo "2375"]

1.d4 d6 2.e4 Nf6 3.Nc3 c6 4.a4 Nbd7 5.f4 e5 6.Nf3 Qa5 7.Bd3 d5 8.Bd2 exd4
9.Nxd5 Qd8 10.Nxf6+ Nxf6 11.h3 Bc5 12.O-O Qe7 13.f5 Bd7 14.Bg5 h6 15.Bh4 Qf8
16.e5 Nd5 17.e6 Ne3 18.Qe2 g5 19.fxg6 Bxe6 20.gxf7+ Kd7 21.Ne5+ Kc7 22.Ng6 Qd6
23.Bf6  1-0

[Event "SVK-chT9596"]
[Site "?"]
[Date "1996.??.??"]
[Round "9"]
[White "Zavadsky, Peter"]
[Black "Pribyl, Josef"]
[Result "1-0"]
[WhiteElo "2230"]
[BlackElo "2405"]

1.e4 d6 2.d4 Nf6 3.Nc3 e5 4.Nf3 Nbd7 5.Bc4 Be7 6.O-O O-O 7.Re1 c6 8.a4 b6
9.b3 Bb7 10.Bb2 a6 11.Bf1 Qc7 12.Qd2 Rfe8 13.Rad1 b5 14.axb5 axb5 15.Bd3 Bf8
16.Ne2 exd4 17.Nexd4 Nc5 18.Nf5 Nfxe4 19.Qf4 Nf6 20.Nh6+ Kh8 21.Bxf6 gxf6
22.Qxf6+ Bg7 23.Qf5 Nxd3 24.Ng5 Rxe1+ 25.Rxe1  1-0

[Event "SVK-chT9596"]
[Site "?"]
[Date "1996.??.??"]
[Round "12"]
[White "Djubek, Boris"]
[Black "Minich, Peter"]
[Result "1/2-1/2"]
[WhiteElo "2245"]
[BlackElo "2230"]

1.d4 d6 2.e4 Nf6 3.Nc3 c6 4.Nf3 Qc7 5.a4 a5 6.Bc4 Bg4 7.h3 Bxf3 8.Qxf3 e5
9.dxe5 dxe5 10.Be3 Na6 11.O-O Nc5 12.Rfd1 Ne6 13.Bxe6 fxe6 14.Qe2 Bb4 15.Qc4 Kf7
16.Na2 Be7 17.Nc1 Rhd8 18.Rxd8 Rxd8 19.Nd3 Nd7 20.Rd1 b6 21.f4 Bf6 22.f5 Nf8
23.Nf2 Rxd1+ 24.Nxd1 Qd6 25.Nf2 Bd8 26.c3 Nd7 27.Kf1 Bh4 28.Ke2 Ke7 29.Qxe6+ Qxe6
30.fxe6 Kxe6 31.Kd3 Be7 32.Ke2 Bc5 33.Nd3  1/2-1/2

[Event "EU-ch U20 Girls"]
[Site "Tapolca"]
[Date "1996.??.??"]
[Round "3"]
[White "Kiss, Fernanda"]
[Black "Lendvai, Edit"]
[Result "1-0"]
[WhiteElo "2190"]
[BlackElo "2080"]

1.e4 d6 2.d4 Nf6 3.Nc3 Nbd7 4.Nf3 e5 5.Bc4 Be7 6.O-O O-O 7.Re1 c6 8.a4 h6
9.h3 Re8 10.Ba2 exd4 11.Qxd4 Nc5 12.b4 Ne6 13.Qd3 a5 14.Bxe6 Bxe6 15.b5 d5
16.e5 Nd7 17.Nd4 Nc5 18.Qe2 Rc8 19.bxc6 bxc6 20.Bd2 Qc7 21.f4 Nb7 22.Qh5 Bc5
23.Ne2 Kh7 24.Kh1 g6 25.Qf3 Qd7 26.Rab1 Rb8 27.g4 Bxd4 28.Nxd4 c5 29.Nxe6 fxe6
30.f5 Rf8 31.fxe6 Qc6 32.Qe3 g5 33.e7 d4+ 34.Qe4+ Qxe4+ 35.Rxe4 Rfe8 36.Rb6 Rxe7
37.h4 Rg8 38.hxg5 hxg5 39.Re2 Rg6 40.e6 Kg7 41.Rxb7 Rxb7 42.e7 Rh6+ 43.Kg2 Rh8
44.e8=Q Rxe8 45.Rxe8 Rb2 46.Bxa5 Rxc2+ 47.Kf3 Rc4 48.Bb6 Rxa4 49.Bxc5 Rc4
50.Re5 Kf6 51.Rf5+ Kg6 52.Rd5 d3 53.Be3 Rc3 54.Rxg5+ Kf7 55.Rd5 Ke6 56.Ke4 Rc4+
57.Rd4 d2 58.Bxd2 Rc5 59.Rd6+ Kf7 60.Rd5  1-0

[Event "EU-ch U20 Girls"]
[Site "Tapolca"]
[Date "1996.??.??"]
[Round "5"]
[White "Albert, Kornelia"]
[Black "Lendvai, Edit"]
[Result "0-1"]
[WhiteElo "2090"]
[BlackElo "2080"]

1.e4 d6 2.d4 Nf6 3.Nc3 Nbd7 4.f4 e5 5.Nf3 exd4 6.Qxd4 c6 7.Bc4 h6 8.Qe3 b5
9.Bb3 b4 10.Na4 Qe7 11.Bd2 a5 12.Nb6 Nxb6 13.Qxb6 Ra6 14.Qb8 Qd8 15.Bxb4 Nd7  0-1

[Event "EU-ch U20 Girls"]
[Site "Tapolca"]
[Date "1996.??.??"]
[Round "7"]
[White "Wowk, Oksana"]
[Black "Lendvai, Edit"]
[Result "0-1"]
[WhiteElo "2195"]
[BlackElo "2080"]

1.e4 d6 2.d4 Nf6 3.Nc3 Nbd7 4.f4 e5 5.Nf3 exd4 6.Qxd4 c6 7.e5 dxe5 8.fxe5 Bc5
9.Qf4 Qe7 10.Be2 Nd5 11.Nxd5 cxd5 12.Qg3 O-O 13.Bh6 f6 14.O-O-O Kh8 15.Bf4 fxe5
16.Bg5 Qe6 17.Rhf1 Bd6 18.Qh4 Nc5 19.Be3 h6 20.Ng5 Qg8 21.Rxf8 Bxf8 22.Rf1 Be6
23.Bg4 Be7 24.Rf3 d4 25.Bd2 e4 26.Rh3 e3 27.Be1 Bxg5 28.Qxg5 Bxg4 29.Qxg4 Qxa2
30.Kd1 Qb1+ 31.Ke2 Qxc2+ 32.Kf3 Rf8+ 33.Kg3 Ne4+ 34.Kh4 g5+ 35.Kh5 Nf6+ 36.Kxh6 Nxg4+
37.Kxg5+ Kg7 38.Kxg4 Qf5+ 39.Kh4 Qf4+ 40.g4 Rh8+  0-1

[Event "Terrassa op"]
[Site "Terrassa"]
[Date "1996.??.??"]
[Round "1"]
[White "De la Riva Aguado, Oscar"]
[Black "Codina Garcia, Jose"]
[Result "1-0"]
[WhiteElo "2490"]
[BlackElo "2165"]

1.e4 d6 2.d4 Nf6 3.Nc3 c6 4.f4 Qa5 5.Bd3 e5 6.Nf3 Bg4 7.Be3 Nbd7 8.O-O Be7
9.h3 Bxf3 10.Qxf3 h5 11.a3 Qc7 12.Rad1 h4 13.Qf2 a6 14.Bc4 b5 15.Ba2 Rc8
16.fxe5 dxe5 17.dxe5 Qxe5 18.Qe1 Bd6 19.Bf4 Qc5+ 20.Kh1 Be5 21.Bxf7+ Kxf7
22.Rxd7+ Ke8 23.Rd3 Nh5 24.Bxe5 Qxe5 25.Qxh4 g5 26.Qg4 Rd8 27.Rf5 Qe7 28.Rxg5 Nf6
29.Qg3  1-0

[Event "Terrassa op"]
[Site "Terrassa"]
[Date "1996.??.??"]
[Round "4"]
[White "Gomez Esteban, Juan Mario"]
[Black "Zvjaginsev, Vadim"]
[Result "1-0"]
[WhiteElo "2495"]
[BlackElo "2590"]

1.d4 d6 2.e4 Nf6 3.Nc3 e5 4.dxe5 dxe5 5.Qxd8+ Kxd8 6.Bc4 Be6 7.Bxe6 fxe6
8.f3 Bc5 9.Na4 Bd6 10.Be3 b6 11.Nh3 Ke7 12.Nf2 c5 13.b3 Nc6 14.Nd3 Nb4 15.Kd2 h6
16.Nab2 Nc6 17.Nc4 Bc7 18.c3 g5 19.g4 Kf7 20.h4 Kg6 21.Ke2 gxh4 22.Rag1 Nh7
23.Rxh4 Ng5 24.Rgh1 Nf7 25.Rh5 Rad8 26.Rd1 Kg7 27.Bf2 Ng5 28.Bh4 b5 29.Ne3 Bb6
30.Rh1 b4 31.Bxg5 hxg5 32.Rxh8 Rxh8 33.Rxh8 Kxh8 34.Kd2 Kg7 35.Nc4 Kf6 36.Kc2 bxc3
37.Kxc3 Nd4 38.Ncxe5 Nb5+ 39.Kd2 Nd4 40.Nd7+ Ke7 41.N7e5 Bc7 42.Ke3 Nc2+
43.Kf2 Bxe5 44.Nxe5 Nb4 45.a4 Kd6 46.Nf7+ Ke7 47.Nxg5 Kf6 48.Nh3 e5 49.g5+ Kg6
50.Kg3 Nc2 51.Kg4 Ne3+ 52.Kh4 Ng2+ 53.Kg3 Ne1 54.Kg4 Nc2 55.f4 Nd4 56.f5+ Kg7
57.Kh5 Nxb3 58.f6+ Kf7 59.Kh6  1-0

[Event "Terrassa op"]
[Site "Terrassa"]
[Date "1996.??.??"]
[Round "5"]
[White "Perpinya Rofes, Lluis Maria"]
[Black "Narciso Dublan, Marc"]
[Result "0-1"]
[WhiteElo "2290"]
[BlackElo "2470"]

1.e4 d6 2.d4 Nf6 3.Nc3 c6 4.f4 Qa5 5.Bd3 e5 6.Nf3 Nbd7 7.O-O Be7 8.Kh1 O-O
9.Qe1 Qc7 10.Be3 b5 11.a3 a6 12.Nh4 Ng4 13.Nf5 Bf6 14.Bg1 exd4 15.Nxd4 Nc5
16.h3 Nh6 17.g4 Nxd3 18.cxd3 Bxd4 19.Bxd4 f6 20.Qg3 Bb7 21.Kh2 Nf7 22.Rac1 Qe7
23.h4 c5 24.Be3 c4 25.dxc4 bxc4 26.Bd4 Rab8 27.Rf2 Nd8 28.g5 f5 29.exf5 Rxf5
30.h5 Nc6 31.Be3 Re8 32.Re2 Qd7 33.Rce1 h6 34.Qg4 hxg5 35.fxg5 Ne5 36.Qg3 Nf3+  0-1

[Event "Toulouse"]
[Site "Toulouse"]
[Date "1996.??.??"]
[Round "3"]
[White "Flear, Glenn C"]
[Black "Bricard, Emmanuel"]
[Result "1/2-1/2"]
[WhiteElo "2435"]
[BlackElo "2475"]

1.d4 d6 2.e4 Nf6 3.Nc3 Nbd7 4.Be3 e5 5.f3 Be7 6.Nge2 c6 7.Qd2 O-O 8.a4 Re8
9.Ng3 d5 10.Be2 Bb4 11.dxe5 Rxe5 12.Bd4 Re8 13.exd5 Nxd5 14.O-O Nc5 15.Bc4 Nb6
16.Ba2 Be6 17.Qf2 Bxc3 18.Bxc3 Bxa2 19.Rxa2 Ncxa4 20.Bd4 c5 21.Be3 Qd5 22.Rfa1 Nc4
23.Rxa4 Nxe3 24.Ne4 b5 25.Nc3 Qc6 26.Rxa7 Rxa7 27.Rxa7 b4 28.Ne4 Nd1 29.Qd2 Nxb2
30.Qf4 Qd5 31.h4 h6 32.Rc7 Na4 33.Nd6 Rf8 34.Nf5 Qe6 35.Qg4 Qf6 36.Rc6 Qa1+
37.Kh2 h5 38.Qxh5 Qe5+ 39.Ng3 Qxh5 40.Nxh5 Rd8 41.Nf4 Rd2 42.Nd3 Rxc2 43.Nxb4 Rc4
44.Nd3 Rxh4+ 45.Kg3 Rd4 46.Ne5 f6 47.Ng6 Kf7 48.Nf4 Ke7 49.Re6+ Kd7 50.Ra6 Nc3
51.Ra7+ Kd6 52.Rxg7 c4 53.Rf7 Ke5 54.Re7+ Kf5 55.Ne2 Rd3 56.Nxc3 Rxc3 57.Rc7 Rc2
58.Rc5+ Ke6 59.Kf4 Kd6 60.Rc8 Rxg2  1/2-1/2

[Event "CZE-ch"]
[Site "Turnov"]
[Date "1996.??.??"]
[Round "5"]
[White "Vokac, Marek"]
[Black "Jansa, Vlastimil"]
[Result "1/2-1/2"]
[WhiteElo "2455"]
[BlackElo "2500"]

1.d4 d6 2.e4 Nf6 3.Nc3 e5 4.dxe5 dxe5 5.Qxd8+ Kxd8 6.Bc4 Be6 7.Bxe6 fxe6
8.Bd2 Bd6 9.Nge2 Nc6 10.O-O-O Ke7 11.h3 a6 12.Rhe1 h6 13.f4 exf4 14.Nxf4 Ne5
15.Nd3 Nfd7 16.Ne2 Rhf8 17.Bc3 g5 18.Nxe5 Nxe5 19.Rf1 b5 20.b3 c5 21.Ng1 Ng6
22.Nf3 Bf4+ 23.Kb1 h5 24.Be1 Ne5 25.Bf2 Rac8 26.Ng1 h4 27.Ne2 Ng6 28.c3 Rf7
29.Kc2 Bd6 30.Rxd6 Rxf2 31.Rxe6+ Kxe6 32.Rxf2 Ke5 33.Rf5+ Kxe4 34.Rxg5 Ne5
35.Nc1 Rf8 36.Rh5 Rf2+ 37.Kb1 Rxg2 38.Rxh4+ Ke3 39.Rh5 Ke4 40.a4 Rg1 41.Kb2 c4
42.axb5 axb5 43.Na2 Nd3+ 44.Ka3 cxb3 45.Kxb3 Rb1+ 46.Ka3 Ne5 47.Nb4 Nc4+
48.Ka2 Rb2+ 49.Ka1 Rb3 50.Rxb5 Rxc3  1/2-1/2

[Event "CZE-ch"]
[Site "Turnov"]
[Date "1996.??.??"]
[Round "7"]
[White "Oral, Tomas"]
[Black "Mokry, Karel"]
[Result "0-1"]
[WhiteElo "2460"]
[BlackElo "2505"]

1.e4 d6 2.d4 Nf6 3.Nc3 e5 4.Nf3 Nbd7 5.Bc4 Be7 6.O-O O-O 7.a4 c6 8.Qe2 exd4
9.Nxd4 Re8 10.Bg5 Nd5 11.Bxe7 Nxc3 12.Qf3 Rxe7 13.Qxc3 Rxe4 14.f3 Re8 15.Rae1 Rxe1
16.Rxe1 Nf8 17.Ba2 Bd7 18.a5 Rb8 19.a6 c5 20.Ne2 bxa6 21.Nf4 Qg5 22.Nd5 Re8
23.f4 Qd8 24.Rxe8 Qxe8 25.Qg3 Ng6 26.h4 Bc6 27.h5 Bxd5 28.Bxd5 Ne7 29.h6 Nf5
30.Qg5 Nxh6 31.f5 Qe1+ 32.Kh2 Qe5+ 33.Kg1 Qf6 34.Qe3 Qd4 35.Qxd4 cxd4 36.Be4 Kf8
37.Kf1 Ke7 38.Ke2 Kf6 39.Kd3 Nxf5 40.Bb7 a5  0-1

[Event "CZE-ch"]
[Site "Turnov"]
[Date "1996.??.??"]
[Round "9"]
[White "Oral, Tomas"]
[Black "Jansa, Vlastimil"]
[Result "1/2-1/2"]
[WhiteElo "2460"]
[BlackElo "2500"]

1.d4 d6 2.e4 Nf6 3.Nc3 e5 4.Nf3 Nbd7 5.Bc4 Be7 6.O-O O-O 7.a4 c6 8.Qe2 exd4
9.Nxd4 Re8 10.Bg5 Nd5 11.Bxe7 Nxc3 12.Bxd8 Nxe2+ 13.Bxe2 Rxd8 14.a5 Nc5 15.f3 d5
16.Rfd1 a6 17.exd5 cxd5 18.Ra3 Be6 19.b4 Nd7 20.Re3 Nf8 21.f4 Rac8 22.f5 Bd7
23.Bf3 Bc6 24.Nxc6 bxc6 25.c4 dxc4 26.Rxd8 Rxd8 27.Bxc6 Rc8 28.Bb7 Rb8 29.Re7 c3
30.Rc7 c2 31.Bxa6 Rxb4 32.Rxc2 Ra4 33.Rc5 g6 34.fxg6 hxg6 35.Bf1 Ne6 36.Rc8+ Kg7
37.a6 Kf6 38.g3 Ke5 39.Re8 Kd6 40.Rb8 Nc5  1/2-1/2

[Event "UKR-ch (Women)"]
[Site "UKR"]
[Date "1996.??.??"]
[Round "2"]
[White "Kovalevskaya, Ekaterina"]
[Black "Klinova, Masha"]
[Result "1/2-1/2"]
[WhiteElo "2335"]
[BlackElo "2270"]

1.e4 d6 2.d4 Nf6 3.Nc3 c6 4.h3 Nbd7 5.Nf3 e5 6.Be2 Be7 7.O-O O-O 8.a4 Re8
9.dxe5 dxe5 10.Bc4 h6 11.Qe2 a5 12.Be3 Bc5 13.Nh4 Bxe3 14.Qxe3  1/2-1/2

[Event "UKR-ch (Women)"]
[Site "UKR"]
[Date "1996.??.??"]
[Round "4"]
[White "Susterman, Anja"]
[Black "Stepovaia Dianchenko, Tatiana"]
[Result "1-0"]
[WhiteElo "2230"]
[BlackElo "2385"]

1.e4 d6 2.d4 Nf6 3.Nc3 e5 4.dxe5 dxe5 5.Qxd8+ Kxd8 6.Bc4 Be6 7.Bxe6 fxe6
8.f3 Bd6 9.Be3 Ke7 10.O-O-O h6 11.Nh3 Nc6 12.Nf2 Rhd8 13.Nd3 b6 14.Ne2 Na5
15.b3 c5 16.c4 Nc6 17.Nc3 Rac8 18.Kb2 Bb8 19.Rd2 Nh5 20.Rhd1 Nf4 21.Bxf4 exf4
22.Ne2 g5 23.Kc1 Rd7 24.Nb4 Ne5 25.Rxd7+ Nxd7 26.Nd3 Be5 27.g3 Rg8 28.Rg1 fxg3
29.hxg3 Bg7 30.Kd2 h5 31.Rh1 Rh8 32.Ke3 Kf7 33.f4 Kg6 34.e5 Kf5 35.Nf2 h4
36.Rd1 gxf4+ 37.gxf4 Nf8 38.Rg1 Bh6  1-0

[Event "Paks GM"]
[Site "Ungarn"]
[Date "1996.??.??"]
[Round "?"]
[White "Petronic, Jovan"]
[Black "Ruck, Robert"]
[Result "1-0"]
[WhiteElo "2435"]
[BlackElo "2455"]

1.e4 d6 2.Nc3 Nf6 3.d4 Nbd7 4.Nf3 e5 5.Bc4 Be7 6.h3 O-O 7.Be3 c6 8.a4 b6
9.O-O a6 10.dxe5 dxe5 11.Qe2 Bb7 12.Rad1 Qc7 13.Nh4 b5 14.Nf5 Bb4 15.Ba2 Bxc3
16.bxc3 c5 17.Bd5 c4 18.Bg5 h6 19.Bxh6 gxh6 20.Qe3 Ne8 21.Qxh6 Ndf6 22.Rfe1 Nh7
23.Re3 Kh8 24.Rg3 Rg8 25.Rxg8+ Kxg8 26.Qg6+ Kh8 27.Bxf7 Nhf6 28.Rd6 Qd8 29.Rxf6  1-0

[Event "CZE-ch U20"]
[Site "Usti nad Labem"]
[Date "1996.??.??"]
[Round "3"]
[White "Suran, Jan"]
[Black "Oral, Tomas"]
[Result "0-1"]
[WhiteElo "2300"]
[BlackElo "2460"]

1.e4 d6 2.d4 Nf6 3.Nc3 Nbd7 4.Nf3 e5 5.Bc4 Be7 6.O-O O-O 7.Qe2 c6 8.a4 Qc7
9.Rd1 b6 10.h3 a6 11.dxe5 Nxe5 12.Nxe5 dxe5 13.Be3 Bb7 14.Bb3 b5 15.f3 Rfd8
16.Rxd8+ Qxd8 17.Rd1 Qf8 18.Qf2 Rd8 19.Rxd8 Qxd8 20.Qd2 Qc7 21.Nd1 Nd7 22.axb5 axb5
23.c3 Bc8 24.Ba2 Nc5 25.b4 Ne6 26.Nf2 h6 27.Nd3 Ng5 28.Nf2 Kh8 29.Kh1 f5
30.exf5 Bxf5 31.Bb3 Qc8 32.Bc2 Qe6 33.Bxf5 Qxf5 34.Qd3 Qxd3 35.Nxd3 e4 36.Bxg5 exd3
37.Bd2 Kg8 38.g3 Kf7 39.Kg2 Ke6 40.Kf2 Kd5  0-1

[Event "CZE-ch (Women)"]
[Site "Usti nad Labem"]
[Date "1996.??.??"]
[Round "5"]
[White "Batelkova, Lucie"]
[Black "Modrova, Hana"]
[Result "0-1"]
[WhiteElo "1645"]
[BlackElo "2010"]

1.e4 d6 2.d4 Nf6 3.Nc3 c6 4.f3 Nbd7 5.Nh3 e5 6.Nf2 Be7 7.Be2 O-O 8.O-O Re8
9.Qd3 a6 10.Be3 b5 11.a3 Qc7 12.Rfd1 Nf8 13.Rac1 Ng6 14.d5 c5 15.Qd2 Nh5
16.Bf1 Qd8 17.Nd3 f5 18.exf5 Nh4 19.Bf2 Bxf5 20.Ne4 Bxe4 21.fxe4 c4 22.Nb4 Bg5
23.Be3 Bf4 24.Be2 Qg5 25.Bxh5 Bxe3+  0-1

[Event "CZE-ch (Women)"]
[Site "Usti nad Labem"]
[Date "1996.??.??"]
[Round "9"]
[White "Ryvova, Anna"]
[Black "Modrova, Hana"]
[Result "0-1"]
[WhiteElo "1780"]
[BlackElo "2010"]

1.e4 d6 2.d4 Nf6 3.Nc3 c6 4.Bd3 e5 5.Be3 Nbd7 6.f4 Qb6 7.Na4 Qa5+ 8.c3 b5
9.fxe5 dxe5 10.dxe5 Nxe5 11.Bb6 axb6  0-1

[Event "Velden op"]
[Site "Velden"]
[Date "1996.??.??"]
[Round "3"]
[White "Higatsberger, Michael"]
[Black "Doric, Nenad"]
[Result "1-0"]
[WhiteElo "2165"]
[BlackElo "2300"]

1.e4 d6 2.d4 Nf6 3.Nc3 Nbd7 4.Nf3 e5 5.dxe5 dxe5 6.Bc4 Bb4 7.O-O O-O 8.Qe2 c6
9.Rd1 Qc7 10.Bg5 b5 11.Bb3 Bb7 12.Nh4 h6 13.Bxh6 gxh6 14.Nf5 Nc5 15.Qe3 Rfd8
16.Qg3+  1-0

[Event "Velden op"]
[Site "Velden"]
[Date "1996.??.??"]
[Round "6"]
[White "Doric, Nenad"]
[Black "Modrova, Hana"]
[Result "1-0"]
[WhiteElo "2300"]
[BlackElo "2010"]

1.e4 d6 2.d4 Nf6 3.Nc3 c6 4.g3 Bg4 5.f3 Bh5 6.Be3 e6 7.g4 Bg6 8.Nge2 d5 9.e5 Nfd7
10.h4 h6 11.Qd2 c5 12.f4 Nc6 13.h5 Bh7 14.Bh3 cxd4 15.Nxd4 Nxd4 16.Bxd4 Bb4
17.Qf2 Qc7 18.a3 Ba5 19.O-O-O Bxc3 20.Bxc3 Be4 21.Rhg1 Nc5 22.Kb1 Na4 23.Bd4 Rc8
24.Rc1 Qc4 25.Bf1 Qb3 26.Rg3 Rxc2 27.Rxc2  1-0

[Event "Vendrell op"]
[Site "Vendrell"]
[Date "1996.??.??"]
[Round "2"]
[White "Dimitrov, Vladimir"]
[Black "Hernando Rodrigo, Jose Maria"]
[Result "1-0"]
[WhiteElo "2495"]
[BlackElo "2275"]

1.e4 d6 2.d4 Nf6 3.Nc3 c6 4.f3 Nbd7 5.Be3 e5 6.Qd2 Be7 7.Nge2 O-O 8.g4 b5
9.Ng3 exd4 10.Bxd4 b4 11.Nd1 c5 12.Be3 d5 13.g5 d4 14.Bf4 Ne8 15.c3 dxc3
16.bxc3 Nb6 17.Qxd8 Bxd8 18.cxb4 cxb4 19.Bb5 Bc7 20.Bd2 Bd6 21.Ne3 Be6 22.Nef5 Be5
23.Rd1 a5 24.f4 Bb2 25.Be3 Nc7 26.Bc6 Rab8 27.Bc5 Bxa2 28.Bd6 Ne6 29.Kf2 Nc4
30.Ne7+ Kh8 31.Bxb8 Rxb8 32.Bd5 Nxf4 33.Nc6 Rf8 34.Nxa5 Nxa5 35.Bxa2 Nh3+
36.Kg2 Nxg5 37.Rd5 h6 38.Rxa5 Rc8 39.Re1  1-0

[Event "Carl Schlechter mem"]
[Site "Vienna"]
[Date "1996.??.??"]
[Round "1"]
[White "Meszaros, Gyula"]
[Black "Palkovi, Jozsef"]
[Result "1/2-1/2"]
[WhiteElo "2300"]
[BlackElo "2460"]

1.d4 d6 2.e4 Nf6 3.Nc3 Nbd7 4.Nf3 e5 5.Bc4 Be7 6.O-O O-O 7.a4 c6 8.Re1 Qc7
9.h3 h6 10.a5 Re8 11.Ba2 Bf8  1/2-1/2

[Event "Vienna op"]
[Site "Vienna"]
[Date "1996.??.??"]
[Round "1"]
[White "Sveshnikov, Evgeny"]
[Black "Schmidt Schaeffer, Sebastian"]
[Result "1-0"]
[WhiteElo "2535"]
[BlackElo "2405"]

1.e4 d6 2.d4 Nf6 3.Nc3 Nbd7 4.f4 e5 5.Nf3 exd4 6.Qxd4 c6 7.f5 Qb6 8.Be2 Ne5
9.Be3 Qxb2 10.Rb1 Qa3 11.Nxe5 dxe5 12.Qxe5+ Be7 13.Bd4 O-O 14.Rb3 Qc1+ 15.Bd1 Rd8
16.Ne2 Qh6 17.Qxe7 Re8 18.Bxf6 Rxe7 19.Bxe7 c5 20.Rd3 f6  1-0

[Event "Carl Schlechter mem"]
[Site "Vienna"]
[Date "1996.??.??"]
[Round "4"]
[White "Kindermann, Stefan"]
[Black "Denk, Adolf"]
[Result "1-0"]
[WhiteElo "2530"]
[BlackElo "2255"]

1.e4 d6 2.d4 Nf6 3.Nc3 c6 4.f4 g6 5.Nf3 Bg7 6.Bd3 O-O 7.O-O Na6 8.e5 Nd5
9.Nxd5 cxd5 10.Qe1 Bg4 11.Ng5 Qd7 12.Bd2 h6 13.Nf3 Bf5 14.Bxf5 Qxf5 15.Rc1 Rac8
16.c3 e6 17.Qe2 Nc7 18.exd6 Na8 19.Ne5 Nb6 20.b3 Rfd8 21.c4 Qe4 22.Qxe4 dxe4
23.a4 Nd7 24.c5 Nf6 25.Ba5 b6 26.cxb6 Rxc1 27.Rxc1 axb6 28.Bxb6 Rxd6 29.Rc8+ Kh7
30.Bc5 Ra6 31.Rc7 Nd5 32.Rxf7 Kg8 33.Ra7 Rxa7 34.Bxa7 Nxf4 35.a5 e3 36.g3 Ne2+
37.Kg2 Nc1 38.Bb8 Bf8 39.a6 e2 40.Kf2 Bb4 41.Nf3  1-0

[Event "Vienna op"]
[Site "Vienna"]
[Date "1996.??.??"]
[Round "6"]
[White "Ruck, Robert"]
[Black "Schmidt Schaeffer, Sebastian"]
[Result "1-0"]
[WhiteElo "2465"]
[BlackElo "2405"]

1.e4 d6 2.d4 Nf6 3.Nc3 Nbd7 4.f4 e5 5.Nf3 exd4 6.Qxd4 c6 7.Be3 Be7 8.O-O-O O-O
9.h3 b5 10.e5 Ne8 11.Bd3 Bb7 12.Bf5 d5 13.Qd3 g6 14.Bxd7 Qxd7 15.Ne4 Qf5
16.Nc5 Bxc5 17.Bxc5 Qxf4+ 18.Kb1 Ng7 19.Bxf8 Rxf8 20.Qa3 a6 21.Rhf1 Qg3 22.Qe7 Bc8
23.Rd2 Ne6 24.Rdf2 Ng7 25.Qc5 Nf5 26.Rd2 Be6 27.Qxc6 Ne3 28.Rg1 Bf5 29.Qc5 Qf4
30.Qd4 Be4 31.Ne1 Rc8 32.g3 Qh6 33.Re2 Nf5 34.Qf2 Qxh3 35.g4 Ng7 36.Re3 Qh6
37.Rf1 Rc7 38.Rc3  1-0

[Event "Vienna op-B"]
[Site "Vienna"]
[Date "1996.??.??"]
[Round "6"]
[White "Ricci, Marco"]
[Black "Heifez, Eugen"]
[Result "1-0"]
[WhiteElo "2215"]
[BlackElo "2220"]

1.e4 d6 2.d4 Nf6 3.Nc3 c6 4.Bg5 Qa5 5.Qd2 Nbd7 6.f4 e5 7.Nf3 Be7 8.Bd3 exd4
9.Nxd4 Nc5 10.O-O-O Nxd3+ 11.Qxd3 Bg4 12.Rde1 Be6 13.Nxe6 fxe6 14.e5 Nd5
15.Bxe7 Kxe7 16.exd6+ Kxd6 17.Qd4 Rae8 18.Ne4+ Kc7 19.Qxg7+ Kb6 20.Nd6 Qxa2
21.Qxb7+ Kc5 22.Ne4+ Kd4 23.c3+ Kd3 24.Nf2+ Kc4 25.Qxc6+ Kb3 26.Qb5+  1-0

[Event "Vienna op-B"]
[Site "Vienna"]
[Date "1996.??.??"]
[Round "6"]
[White "Jaracz, Pawel"]
[Black "Lorscheid, Gerhard"]
[Result "1-0"]
[WhiteElo "2395"]
[BlackElo "2315"]

1.e4 d6 2.d4 Nf6 3.Nc3 e5 4.Nf3 Nbd7 5.Bc4 Be7 6.O-O O-O 7.Qe2 c6 8.a4 exd4
9.Nxd4 Re8 10.Ba2 Bf8 11.Qf3 Ne5 12.Qd1 a5 13.h3 Ned7 14.Re1 Nc5 15.f3 Nh5
16.Be3 Qh4 17.Qd2 h6 18.Rad1 Be7 19.g4 Qg3+ 20.Qg2 Qxg2+ 21.Kxg2 Nf6 22.Nf5 Bxf5
23.gxf5 Nfd7 24.f4 Nb6 25.Kf3 Nbxa4 26.Nxa4 Nxa4 27.Rg1 Kf8 28.Bd4 f6 29.Rg6 d5
30.e5 Bc5 31.exf6 gxf6 32.Rxf6+ Ke7 33.Re1+ Kd8 34.Be5 Rf8 35.Rxh6 Rxf5 36.Rh7 b5
37.Bc7+ Kc8 38.Re8+  1-0

[Event "Vienna op"]
[Site "Vienna"]
[Date "1996.??.??"]
[Round "7"]
[White "Seul, Georg"]
[Black "Ruck, Robert"]
[Result "0-1"]
[WhiteElo "2445"]
[BlackElo "2465"]

1.e4 d6 2.d4 Nf6 3.Nc3 Nbd7 4.g3 e5 5.Nge2 c6 6.a4 b6 7.Bg2 a6 8.O-O Bb7
9.h3 b5 10.g4 b4 11.Na2 c5 12.d5 Be7 13.Ng3 g6 14.Bh6 Bf8 15.Be3 h5 16.g5 Nh7
17.h4 f6 18.Nxh5 fxg5 19.hxg5 Nxg5 20.Ng3 Rh4 21.f4 exf4 22.Rxf4 Rxf4 23.Bxf4 Qf6
24.Qg4 Be7 25.Rf1 Qd4+ 26.Kh1 Qh8+ 27.Kg1 Ne5 28.Qe2 Bc8 29.c3 bxc3 30.bxc3 Rb8
31.Qc2 Bf6 32.Rb1 Rxb1+ 33.Qxb1 Qh4 34.Qf1 Nef3+ 35.Bxf3 Qxf4 36.Bg2 Qxg3
37.Qxf6 Nh3+ 38.Kf1 Nf4 39.Qh8+ Ke7 40.Qg7+ Kd8  0-1

[Event "Carl Schlechter mem"]
[Site "Vienna"]
[Date "1996.??.??"]
[Round "7"]
[White "Dueckstein, Andreas"]
[Black "Stuhlik, Marko"]
[Result "1-0"]
[WhiteElo "2305"]
[BlackElo "2215"]

1.e4 d6 2.d4 Nf6 3.Nc3 c6 4.f4 Qa5 5.Bd3 e5 6.Nf3 Bg4 7.fxe5 dxe5 8.dxe5 Nbd7
9.e6 fxe6 10.h3 Bxf3 11.Qxf3 Ne5 12.Qg3 Nfd7 13.Bd2 Qc7 14.O-O-O O-O-O 15.Kb1 Nxd3
16.Qxd3 Nb6 17.Qe2 Bd6 18.Qg4 Rhe8 19.Bg5 Rd7 20.b3 Be5 21.Ne2 h6 22.Bf4 g5
23.Be3 c5 24.h4 Bh8 25.hxg5 Qe5 26.c3 Rxd1+ 27.Rxd1 hxg5 28.Bf2 Nd7 29.Bg3 Qf6
30.Kb2 Ne5 31.Qh3 Bg7 32.Be1 b6 33.Qe3 Rh8 34.Bg3 Rf8 35.Qd2 c4 36.Qd6 Nd3+
37.Rxd3  1-0

[Event "Vienna op-B"]
[Site "Vienna"]
[Date "1996.??.??"]
[Round "8"]
[White "Brod, Manfred"]
[Black "De Santis, Alessio"]
[Result "1-0"]
[WhiteElo "2245"]
[BlackElo "2320"]

1.e4 d6 2.d4 Nf6 3.Nc3 c6 4.f4 Qa5 5.Bd3 e5 6.Nf3 Bg4 7.Be3 Nbd7 8.O-O h5
9.a3 a6 10.h3 exf4 11.Bxf4 Bxf3 12.Qxf3 g5 13.e5 gxf4 14.exf6 Bh6 15.b4 Qg5
16.Rfe1+ Kd8 17.Ne4 Qd5 18.Qf2 b5 19.h4 Rg8 20.Kf1 c5 21.dxc5 dxc5 22.bxc5 f3
23.Qxf3 Rg4 24.Ng5 Qxf3+ 25.Nxf3 Nxf6 26.Re5 Ra4 27.Rf5 Bg7 28.c6 Ne4 29.Bxe4 Bxa1
30.Bd5 f6 31.Rxh5 Ke7 32.Rh7+ Kd6 33.Rd7+ Kc5 34.c7 Rc8 35.Bb7 Rxc7 36.Rxc7+ Kb6
37.Rh7 Rxa3 38.Be4 a5 39.h5 Re3 40.Bf5 Re8 41.h6 a4 42.Rd7 Bc3 43.h7 a3 44.Nd2 Ka5
45.Nb3+ Kb4 46.Rg7  1-0

[Event "Carl Schlechter mem"]
[Site "Vienna"]
[Date "1996.??.??"]
[Round "9"]
[White "Stanka, Wolfgang"]
[Black "Stuhlik, Marko"]
[Result "1/2-1/2"]
[WhiteElo "2220"]
[BlackElo "2215"]

1.e4 d6 2.d4 Nf6 3.Nc3 c6 4.Nf3 g6 5.h3 Bg7 6.Bd3 O-O 7.O-O Qc7 8.Bg5 e5
9.d5 Nbd7 10.Qd2 cxd5 11.exd5 a6 12.a4 Nc5 13.Bxf6 Bxf6 14.a5 Bd7 15.Ne4 Nxe4
16.Bxe4 Bg7 17.c3 Rfc8 18.Bc2 b5 19.axb6 Qxb6 20.Ba4 Bb5 21.Bxb5 Qxb5 22.Rfd1 a5
23.Qc2 Rc5 24.Ne1 Rb8 25.Ra2 Qb7 26.c4 Qb3 27.Qxb3 Rxb3 28.Ra4 e4 29.Nc2 Rxb2
30.Ne3 f5 31.g3 Rb3 32.Rd2 Bh6 33.Re2 Bxe3 34.Rxe3 Rb4 35.Rea3 Rbxc4 36.Rxc4 Rxc4
37.Rxa5 Rc5 38.Ra7 Rxd5 39.Kf1 Rd1+ 40.Ke2 Rd3 41.h4 h6 42.Rd7 g5 43.h5 f4
44.g4 f3+ 45.Ke1 Rd4 46.Rd8+ Kg7 47.Rd7+ Kg8 48.Rd8+ Kg7 49.Rd7+ Kf6 50.Rh7 Ke5
51.Rxh6 Kf4 52.Re6 d5 53.h6 Ra4 54.Rd6 d4 55.h7 Ra1+ 56.Kd2 e3+ 57.Kc2 Rh1
58.Rxd4+ Ke5 59.fxe3 Rxh7 60.Kd3 Rf7 61.Re4+ Kd6 62.Rd4+ Ke6 63.Re4+ Kd5  1/2-1/2

[Event "LTU-ch"]
[Site "Vilnius"]
[Date "1996.??.??"]
[Round "1"]
[White "Mickevicius, Juras"]
[Black "Bandza, Algirdas"]
[Result "0-1"]
[WhiteElo "2185"]
[BlackElo "2380"]

1.d4 d6 2.e4 Nf6 3.Nc3 e5 4.dxe5 dxe5 5.Qxd8+ Kxd8 6.Bc4 Be6 7.Bxe6 fxe6
8.Nge2 Bc5 9.f4 Nc6 10.fxe5 Ng4 11.h3 Ngxe5 12.Bg5+ Kc8 13.O-O-O b6 14.Rdf1 Kb7
15.Nd1 Rhf8 16.Be3 Bd6 17.Nf4 Rae8 18.Nh5 Rg8 19.Nc3 Nc4 20.Bf4 Bc5 21.Ne2 e5
22.Bg5 h6 23.Bd2 Rd8 24.Bc3 b5 25.a3 a5 26.b3 Bxa3+ 27.Kb1 Nd2+ 28.Bxd2 Rxd2
29.Nhg3 Nb4 30.Nc3 Rxc2 31.Nxb5 Rb2+ 32.Kc1 Nd3+ 33.Kd1 Bb4  0-1

[Event "AUT-chT9697"]
[Site "Vorarlberg"]
[Date "1996.??.??"]
[Round "?"]
[White "Petkovic, Vladica"]
[Black "Laske, Erich"]
[Result "0-1"]
[WhiteElo "1730"]
[BlackElo "2055"]

1.e4 d6 2.d4 Nf6 3.Nc3 c6 4.Bf4 Qa5 5.f3 e5 6.Bg3 b5 7.dxe5 b4 8.exf6 bxc3
9.b3 Qg5 10.fxg7 Bxg7 11.Qxd6 Qd2+ 12.Qxd2 cxd2+ 13.Kxd2 Bxa1 14.Bd6 Bg7
15.e5 Be6 16.c4 Nd7 17.f4 h5 18.Bd3 Bh6 19.Ke3 f6 20.Ke4 fxe5 21.f5 Nf6+
22.Kxe5 Ng4+ 23.Kxe6 Nf2 24.f6 O-O-O 25.Bf5 Nxh1 26.Nh3 Kb7 27.c5 Rhe8+ 28.Be7 Rd2
29.Bg6 Rh8 30.f7 Rxg2 31.Bf5 Rxh2 32.Bf6 Re2+ 33.Kd6 Bf8+ 34.Kd7 Rd2+ 35.Ke8 Bg7+
36.Ke7 Re2+ 37.Be6 Bf8+ 38.Kd8 Rh6 39.Bc8+ Kb8 40.Bg5 Rh8 41.Bf4+ Bd6+ 42.Kd7 Bxf4
43.Nxf4 Rf2 44.Ne6 Rxf7+ 45.Kxc6 Rxc8+ 46.Kd6 Rf6 47.Kd5 Rxe6  0-1